000 01411namaa22003131i 4500
005 20260611125525.0
008 260611s1995 ua a|||frm||| 000 0 eng d
040 _aEG-GICUC
_beng
_cEG-GICUC
_dEG-GICUC
_erda
041 0 _aeng
_beng
_bara
049 _aDeposit
097 _aM.Sc
099 _aCai01.11.01.M.Sc.1995.Sa.P
100 0 _aSahar Helmy abed El-Salam El- Awady,
_epreparation.
245 1 0 _aPatient - controlled analgesia (Pca) versus epidural opioids in acute pain relief /
_cBy Sahar Helmy abed El-Salam El- Awady ; Supervision Prof. Dr. Ezzat Amin, Prof. Dr. Mohamed Omar Tawfik
246 1 5 _aدراسة التسكين التحكمي بالمريض مقارنة بحقن الافيونات خارج الام الجافية لتسكين الالام الحادة
264 0 _c1995.
300 _a169 Leaves
_billustrations
_c30 cm. +
336 _2rda content
_atext
337 _2rdamedia
_aUnmediated
338 _2rdacarrier
_avolume
502 _aThesis (M.Sc.)-Cairo University, 1995
504 _aBibliography: pages 146-169
653 0 _a(Pca)
_aacute pain relief
_a versus epidural opioids in acute pain relief
700 0 _aEzzat Amin
_ethesis advisor.
700 0 _aMohamed Omar Tawfik
_ethesis advisor.
900 _DDepartment of Anesthesiology
_FFaculty of Medicine
_UCairo University
_b1995
_cEzzat Amin
_cMohamed Omar Tawfik
905 _aNehad
942 _2ddc
_cTH
_e21
_n0
999 _c180510